000 00333nam a22001337a 4500
008 250801b |||||||| |||| 00| 0 eng d
020 _a0070256500
050 _aHG179
_b.H25
100 _aHALLMAN Victor G.
245 _aPersonal Financial Planning
260 _aNil
_bR.R Donnallay & Sons
_c1987
300 _axix, 475p.
942 _cBK
999 _c4405
_d4405